000 00619nam a22002177a 4500
001 00028747
005 20260413091641.0
008 260413b ag ||||| |||| 00| 0 spa d
020 _a9506141320
040 _aAR-CcCEOS
_bspa
_cAR-CcCEOS
041 _aspa
080 _a338.9
090 _bBAU
245 _aCrítica de la teoría del desarrollo /
_cP. T. Bauer
264 _aArgentina :
_bOrbis,
_cc1971.
300 _a510 p. ;
_c24x15 cm.
490 _vBiblioteca de economía ; 11
655 0 _aeconomía
_vmacroeconomía
_9347
942 _2udc
_cBK
_n0
999 _c28782
_d28782